| Tag |
First Indicator |
Second Indicator |
Subfields |
| LEADER |
00000nam a22000001i 4500 |
| 001 |
in00005779421 |
| 003 |
OCoLC |
| 005 |
20251009114505.3 |
| 006 |
m |o d | |
| 007 |
cr |n||||||||| |
| 008 |
251009t20252025enka ob 001 0 eng d |
| 024 |
8 |
|
|a 90104149821
|
| 035 |
|
|
|a (OCoLC)1528821662
|
| 040 |
|
|
|a NhCcYBP
|b eng
|e rda
|e pn
|c NhCcYBP
|
| 020 |
|
|
|a 9781804291399 (electronic bk.)
|
| 020 |
|
|
|a 1804291390 (electronic bk.)
|
| 020 |
|
|
|z 9781804291375
|
| 020 |
|
|
|z 1804291374
|
| 043 |
|
|
|a n-us---
|
| 050 |
|
4 |
|a E184.35
|b .B35 2025
|
| 082 |
0 |
4 |
|a 305.892/4073
|2 23/eng/20250326
|
| 100 |
1 |
|
|a Balthaser, Benjamin,
|e author.
|4 aut
|4 http://id.loc.gov/vocabulary/relators/aut
|1 https://id.oclc.org/worldcat/entity/E39PCjDHgPPgWDJvbvDpQDJXcX
|1 http://id.loc.gov/rwo/agents/n2015040671
|
| 245 |
1 |
0 |
|a Citizens of the whole world :
|b anti-Zionism and the cultures of the American Jewish left /
|c Benjamin Balthaser.
|
| 264 |
|
1 |
|a London ;
|a New York :
|b Verso,
|c 2025.
|
| 264 |
|
4 |
|c ©2025
|
| 300 |
|
|
|a 1 online resource (316 pages.) :
|
| 336 |
|
|
|a text
|b txt
|2 rdacontent
|
| 337 |
|
|
|a computer
|b c
|2 rdamedia
|
| 338 |
|
|
|a online resource
|b cr
|2 rdacarrier
|
| 504 |
|
|
|a Includes bibliographical references (pages 267-305) and index.
|
| 505 |
0 |
|
|a Introduction: The American Jewish Left in the Shadow of Zion -- 1. When Anti-Zionism Was Jewish: Jewish Racial Subjectivity and the Anti-imperialist Literary Left from the Great Depression to the Cold War -- 2. Not Your Good Germans: Holocaust Memory, Red Scare, Anti-fascism, and the Anti-Zionism of the Jewish New Left -- 3. Exceptional Whites, Bad Jews: Class, Whiteness, and the Racial Politics of the Anti-Zionist Jewish New Left -- 4. A Kesher with the Left : Jewish Identity Politics and the Remaking of a Diasporic Left, 1970-1980 -- 5. The Antinomies of Jewish Liberalism: Socialist Memory and the (Re-)Emergence of Jewish Anti-Zionism.
|
| 532 |
1 |
|
|3 ProQuest
|a "ProQuest platforms aim to meet Level AA of the W3C Web Content Accessibility Guidelines (WCAG 2.1) and Section 508 of the US Rehabilitation Act for features and functions." Source: https://about.proquest.com/en/about/proquest-accessibility/. Last accessed April 22, 2025.
|
| 588 |
|
|
|a Description based on print version record.
|
| 650 |
|
0 |
|a Jews, American
|x Cultural assimilation.
|
| 650 |
|
0 |
|a Jews
|z United States
|x Attitudes toward Israel.
|
| 650 |
|
0 |
|a Radicalism
|z United States
|x History.
|
| 650 |
|
0 |
|a Social justice
|x Religious aspects
|x Judaism.
|
| 650 |
|
0 |
|a Left-wing extremists
|z United States.
|
| 650 |
|
0 |
|a Progressivism (United States politics)
|x History.
|
| 650 |
|
0 |
|a Zionism
|z United States
|x History.
|
| 650 |
|
6 |
|a Juifs
|z États-Unis
|x Attitudes envers Israël.
|
| 650 |
|
6 |
|a Radicalisme
|z États-Unis
|x Histoire.
|
| 650 |
|
6 |
|a Justice sociale
|x Aspect religieux
|x Judaïsme.
|
| 650 |
|
6 |
|a Extrémistes de gauche
|z États-Unis.
|
| 650 |
|
6 |
|a Progressisme
|z États-Unis
|x Histoire.
|
| 650 |
|
7 |
|a HISTORY / United States / General.
|2 bisacsh
|
| 650 |
|
7 |
|a Jews
|x Attitudes toward Israel
|2 fast
|
| 650 |
|
7 |
|a Jews, American
|2 fast
|
| 650 |
|
7 |
|a Left-wing extremists
|2 fast
|
| 650 |
|
7 |
|a Progressivism (United States politics)
|x History.
|2 fast
|0 (OCoLC)fst01078752
|
| 650 |
|
7 |
|a Radicalism
|x History.
|2 fast
|0 (OCoLC)fst01087017
|
| 650 |
|
7 |
|a Social justice
|x Religious aspects
|x Judaism
|2 fast
|
| 650 |
|
7 |
|a Zionism
|x History.
|2 fast
|0 (OCoLC)fst01184477
|
| 651 |
|
7 |
|a United States
|2 fast
|1 https://id.oclc.org/worldcat/entity/E39PBJtxgQXMWqmjMjjwXRHgrq
|
| 655 |
|
7 |
|a Electronic books.
|2 local
|
| 710 |
2 |
|
|a ProQuest (Firm)
|
| 776 |
1 |
8 |
|i Online version
|4 http://id.loc.gov/entities/relationships/onlineversion
|a Balthaser, Benjamin
|t Citizens of the whole world
|d New York : Verso, 2025
|z 9781804291399
|w (DLC) 2025007324
|
| 776 |
1 |
8 |
|i ebook version :
|z 9781804291382
|
| 776 |
1 |
8 |
|c Original
|z 9781804291375
|z 1804291374
|w (DLC) 2025007323
|w (OCoLC)1511802206
|
| 856 |
4 |
0 |
|u https://ebookcentral.proquest.com/lib/tamucs/detail.action?docID=31737951
|z Connect to the full text of this electronic book
|t 0
|
| 945 |
|
|
|b 713825
|
| 955 |
|
|
|a Ebook Purchase POD title
|
| 980 |
|
|
|b pod
|c 90104149821
|g 565731
|k USD
|m 74.95
|n Ira Dworkin,idworkin@tamu.edu
|p Faculty;English
|q 1
|s AcqMono Conventional
|t Purchase at vendor system
|u Vendor order reference number
|v ZYBP
|y Ebook
|z Electronic resource
|
| 999 |
f |
f |
|i bce9f72f-16d7-4325-b24e-424fac6efcfa
|s f53fc650-94f1-4136-b1c4-93fda9af7ed9
|t 0
|
| 952 |
f |
f |
|a Texas A&M University
|b College Station
|c Electronic Resources
|s www_evans
|d Available Online
|t 0
|e E184.35 .B35 2025
|h Library of Congress classification
|
| 998 |
f |
f |
|a E184.35 .B35 2025
|t 0
|l Available Online
|